MDQL
is popping MORE tags! Check the
thread
!
Quizzes
Events
Quiz Creation
Community
Videos
Private Events
Remove Ads
Sign In
Join for FREE
Feedback
Dark Mode
Quiz Categories
Sports
Geography
Music
Movies
Television
Just For Fun
Miscellaneous
History
Literature
Language
Science
Gaming
Entertainment
Religion
Holiday
For Kids
Quiz Lab
Recent
Popular Today
Quiz Kudos Today
Editor Picks
Curator Picks
Quizzes by...
Day
Popularity
Type
Ratings
Length
Year
Community
Subscriptions
Recent Discussions
Orange Saloon
Badges
Playlists
Quests
Create
Leaderboards
Showdown
Live 5
Trivia Bingo
Activity
Puzzle Library
Sporcle Events
Private Events
Virtual Trivia
Globe League
Become a Host
Pub Owners
SporcleCon
Opinionation
Our Games
Videos
Blog
Mobile Apps
Partnerships
Remove Ads and Go Orange
Feedback
Science
Computer
Plants
Astronomy
Chemistry
Elements
Math
Animal
Physics
Anatomy
Biology
Geology
General Science
Science
Computer
Plants
Astronomy
Chemistry
Elements
Math
Animal
Physics
Anatomy
Biology
Geology
General Science
Random Quiz
Search Sporcle
×
Quiz Lab
Quiz Lab
Science
incomplete
Type in answers that appear in a list
Type in answers that appear in a list
Classic
Best Score? Go Orange.
Di-Hybrid and eye color Stats
Di-Hybrid and eye color
By
Mrniemis
20m
16 Questions
449 Plays
449 Plays
449 Plays
Comments
Comments
Give Quiz Kudos
Give Quiz Kudos
-
- Ratings
hide this ad
Forced Order
Answers have to be entered in order
Answers have to be entered in order
Wrong Answers
Some wrong answers will appear in red
Some wrong answers will appear in red
Random Order
Randomize order of answers
Randomize order of answers
Replay
Link that replays current quiz
Next Quiz
Link to next quiz in quiz playlist
You Got
0%
They Got
Avg Score
39%
Avg Friend Score
Upgrade to see
Score Distribution
Jump to the score distribution portion of the page
Score
0/16
Timer
20:00
0
Plays Today
Hint
Answer
% Correct
If someone’s genotype is bbgg, what color are their eyes?
???
48.2%
If someone’s genotype is bbGg, what color are their eyes?
???
46.6%
If someone’s genotype is BbGg, what color are their eyes?
???
44.8%
If you cross bbGg x Bbgg how many out of 16 will be blue eyed
???
43.7%
If you cross BbGg x BbGg how many out of 16 will be blue eyed
???
42.8%
B =black, b = white, L =Long, l = short: A guinea pig with the genotype BbLl and one that is BbLl have 16 babies, how many are likely to have long white hair
???
41.7%
B =black, b = white, L =Long, l = short: A guinea pig with the genotype Bbll and one that is BbLl have 16 babies, how many are likely to be homozygous for both traits?
???
39.2%
If you cross BbGg x BbGg how many out of 16 will be brown eyed
???
38.6%
Hint
Answer
% Correct
B =black, b = white, L =Long, l = short: A guinea pig with the genotype Bbll and one that is Bbll have 16 babies, how many are likely to be heterozygous for both traits?
???
37.4%
If you cross bbGg x Bbgg how many out of 16 will be brown eyed
???
37%
If someone with the Genotype BbGg and someone with blue eyes have 16 kids, how many are likely to have blue eyes?_
_
_
_
_
_
_
_
_
_
_
???
36.5%
B =black, b = white, L =Long, l = short: A guinea pig with the genotype BbLl and one that is BbLl have 16 babies, how many are likely to have short white hair
???
36.1%
If you cross bbGg x Bbgg how many out of 16 will be green eyed
???
35%
B =black, b = white, L =Long, l = short: A guinea pig with the genotype BbLl and one that is BbLl have 16 babies, how many are likely to have long black hair
???
34.3%
B =black, b = white, L =Long, l = short: A guinea pig with the genotype BbLl and one that is BbLl have 16 babies, how many are likely to have short black hair
???
33.9%
If you cross BbGg x BbGg how many out of 16 will be green eyed
???
31.2%
Quiz Playlist
Details
Report
Send in Message
Add To Playlist
Classic:
Type in answers that appear in a list
Forced Order:
Answers have to be entered in order
Wrong Answers:
Some wrong answers will appear in red
Random Order:
Randomize order of answers
Last Updated: May 8, 2017
Quiz Scoreboard
CHALLENGE
Sign Up to Join the Scoreboard
Show All
Scores
Hide
Comments
May contain spoilers
Recently Published
Holiday 10x10 Sorting Gallery
by lukepisani3
Holiday
15m
Two Season TV Shows II
by 123Four
Television
10m
Image Sorting: Flags VI
by Barbecue
Geography
2m
More to Explore
Quiz From the Vault
Featured Blog Post
14 Easter Pick-up Lines to Find Eggs With
hide this ad
You Might Also Like...
Tags
incomplete
Today's Top Quizzes in Science
Browse Science
hide this ad
Today's Top Quizzes in incomplete
Browse incomplete
Top Contributed Quizzes in Science
1
Mitosis Sporcle for Escape Room
2
Windmill: Elements
3
DNA Speed Challenge For Breakout Box
4
200 Vogels in Nederland
5
Elements In Images
6
Glycolysis
7
Quick Pick: 'CI-CJ' Animals
8
Astronomy Spelling Bee
9
perfect squares 1-25
10
Periodic Table of Elements by Abbreviations
Explore More
Trending Topics
Disney
Kpop
Anime
Marvel
Crossword
Harry Potter
NBA
Song
Puzzle
WWE
Country
Pokémon
The Office
NFL
Soccer
hide this ad
More By:
Mrniemis
Quiz
Plays
Rating
Category
Featured
Created
Word Ladder: Speaking
92,504
3.65
Just For Fun
May 4, 2010
Photosynthesis For Escape Room
45,013
3.00
Science
Jan 13, 2021
Winter Holiday Jokes for Breakout
35,816
2.74
Holiday
Dec 3, 2018
Cell Parts Speed Challenge for Breakout Box
24,806
Science
Jan 18, 2021
Human Body Parts Breakout box
15,619
1.63
Science
Jan 24, 2018
Go to Creator's Profile
Score Distribution
Quiz Creator Spotlight
Mrniemis
Follow
Send a Message
Quizzes Created
-
Created Quiz Play Count
-
More By This Creator
Popular Quizzes Today
1
Find the US States - No Outlines Minefield
2
Colored Red Africa Blitz
3
Find the 'City' Movie
4
The Countries of the World
5
Find the US States
6
5x2 Blitz: Bands
7
Find the Countries of Europe - No Outlines Minefield
8
US States
More Science Quizzes
Periodic Table: 8-letter Elements
Quiz Lab
Trending Quizzes
Colored Red Europe Blitz I
Colored Red Europe Blitz II
Colored Red Africa Blitz II
Colored Red Europe Blitz III
Colored Red Africa Blitz III
Recently Updated
Odd Team Out - Big 4 Players
pecheneg
Quick Pick: 20 Twenties
pecheneg
March Madness Men's Triple Doubles
pecheneg
How Do You Spell That?
pecheneg
Godzilla Movies
pecheneg
Grab Bag: 4-10 Letters
pecheneg
2024 March Madness Bracket
pecheneg
Famous TV Couples
Peacemaker
Champions League XIs: Real Madrid
pecheneg
Largest US Cities 1790-2010
pecheneg
Trending Topics
Crossword
Marvel
Kpop
Anime
Harry Potter
Disney
NBA
Puzzle
Pokémon
Country
NFL
The Office
Soccer
WWE
Song
Your Account Isn't Verified!
In order to create a playlist on Sporcle, you need to verify the email address you used during registration. Go to your
Sporcle Settings
to finish the process.
Report this User
Report this user for behavior that violates our
Community Guidelines
.
Details:
Send Report
Go to the Sporcle.com Mobile Site →
Comments